000 00294nam a2200109Ia 4500
008 171211s9999 xx 000 0 und d
245 _aLearning QGIS - Third Edition
245 _cAnita Graser
260 _c2016
650 _xSOFTWARE
856 _uhttp://down.ebook777.com/064/9781785880339.pdf
999 _c349292
_d349292